00449 2200181 4500245003700000020002200037250001100059100001400070700001200084700001800096650002100114005001900135260005700154041001400211084001000225300002300235336000900258 aSagu dari SeramcNorrattrihText a978-602-437-891-2 aCet. 1 aNorrattri aHanatri aDony Setiawan aCerita Bergambar a20240926132944 aJakartabKementerian Pendidikan dan Kebudayaanc2019 aIndonesia a741.5 a24 hlm. :c29,7 cm atext